<?xml version="1.0" encoding="UTF-8"?>
<record
    xmlns:xsi="http://www.w3.org/2001/XMLSchema-instance"
    xsi:schemaLocation="http://www.loc.gov/MARC21/slim http://www.loc.gov/standards/marcxml/schema/MARC21slim.xsd"
    xmlns="http://www.loc.gov/MARC21/slim">

  <leader>01866    a2200205   4500</leader>
  <controlfield tag="001">23852</controlfield>
  <controlfield tag="005">20260407155524.0</controlfield>
  <controlfield tag="008">260407a1950    arg                 spa d</controlfield>
  <controlfield tag="003">AR-UNSa-BCEJYS</controlfield>
  <datafield tag="040" ind1=" " ind2=" ">
    <subfield code="a">AR-UNSa-BCEJYS</subfield>
    <subfield code="b">spa</subfield>
    <subfield code="c">AR-UNSa-BCEJYS</subfield>
  </datafield>
  <datafield tag="080" ind1=" " ind2=" ">
    <subfield code="a">51-7</subfield>
    <subfield code="x">Estudios y m&#xE9;todos matem&#xE1;ticos en otros campos del conocimiento. Matem&#xE1;ticas cient&#xED;ficas. Matem&#xE1;ticas actuariales (Matem&#xE1;ticas Financieras)</subfield>
  </datafield>
  <datafield tag="245" ind1="1" ind2="0">
    <subfield code="a">Curso de Matem&#xE1;tica financiera y actuarial</subfield>
  </datafield>
  <datafield tag="264" ind1=" " ind2="1">
    <subfield code="a">Madrid :</subfield>
    <subfield code="b">Aguilar</subfield>
    <subfield code="c">1950</subfield>
  </datafield>
  <datafield tag="300" ind1=" " ind2=" ">
    <subfield code="a">484 p.</subfield>
    <subfield code="c">21 cm.</subfield>
  </datafield>
  <datafield tag="505" ind1=" " ind2=" ">
    <subfield code="a">Parte I: De la Supervivencia: 1. L&#xED;neas de una teor&#xED;a de la supervivencia - 2. La supervivencia en grupos demogr&#xE1;ficos privados - 3. La supervivencia en grupos abiertos y en grupos especiales - 4. El ajuste de las tablas de supervivencia -- Parte II: De las operaciones financieras simples: 1. Valores finales y valores actuales - 2. Operaciones a breve vencimiento - 3. De las operaciones a largo vencimiento - 4. Operaciones de grupo a prima &#xFA;nica - 5. Tablas financieras y actuariales y c&#xE1;lculos con ellas -- Parte III: Operaciones financieras complejas: 1. De la reserva en general - 2. De la amortizaci&#xF3;n en general - 3. La renta seg&#xFA;n t&#xE9;rminos particulares - 4. La renta seg&#xFA;n sistemas particulares de capitalizaci&#xF3;n - 5. La renta en la capitalizaci&#xF3;n compuesta a tanto constante - 6. La renta vitalicia seg&#xFA;n hip&#xF3;tesis demogr&#xE1;ficas especiales - 7. De la amortizaci&#xF3;n con arreglos a t&#xE9;rminos generales - 8. Empr&#xE9;stitos - 9. De la amortizaci&#xF3;n  en el seguro -- Parte IV: Reservas matem&#xE1;ticas, balance t&#xE9;cnico, riesgo y seguros sociales: 1. Sobre las reservas matem&#xE1;ticas - 2. Sobre el balance t&#xE9;cnico - 3. Del riesgo - 4. Sobre los seguros sociales </subfield>
  </datafield>
  <datafield tag="942" ind1=" " ind2=" ">
    <subfield code="c">BK</subfield>
  </datafield>
  <datafield tag="590" ind1=" " ind2=" ">
    <subfield code="a">niveau_biblio:m niveau_hierar:0</subfield>
  </datafield>
  <datafield tag="100" ind1="1" ind2=" ">
    <subfield code="a">Insolera, Filadelfo</subfield>
  </datafield>
  <datafield tag="700" ind1="1" ind2=" ">
    <subfield code="a">Martinez Velasco, Luis</subfield>
  </datafield>
  <datafield tag="999" ind1=" " ind2=" ">
    <subfield code="c">1137</subfield>
    <subfield code="d">1137</subfield>
  </datafield>
  <datafield tag="952" ind1=" " ind2=" ">
    <subfield code="0">0</subfield>
    <subfield code="1">0</subfield>
    <subfield code="4">0</subfield>
    <subfield code="7">0</subfield>
    <subfield code="a">BCEJYS</subfield>
    <subfield code="b">BCEJYS</subfield>
    <subfield code="c">16</subfield>
    <subfield code="d">2026-04-07</subfield>
    <subfield code="l">0</subfield>
    <subfield code="o">51-7 I59</subfield>
    <subfield code="p">L20601</subfield>
    <subfield code="r">2026-04-07 15:55:24</subfield>
    <subfield code="w">2026-04-07</subfield>
    <subfield code="y">L</subfield>
  </datafield>
</record>
